000 00882nam a2200193Ia 4500
008 090124s9999 xx 000 0 und d
082 _b6695
100 _aदेशपांडे वामनराव
245 _a महाराष्ट्राचे संगीतातील कार्य
250 _a0
260 _bमहराष्ट्र राज्य़ साहित्य़-संस्कृति मंडऴ
_c1974
300 _a124
600 _aदेशपांडे वामनराव
630 _a महाराष्ट्राचे संगीतातील कार्य
700 _aदेशपांडे वामनराव
700 _aदेशपांडे श्रीधर हरि
730 _a महाराष्ट्राचे संगीतातील कार्य
942 _cBOOK
999 _c84762
_d84762